| 000 | 00493nam a2200193Ia 4500 | ||
|---|---|---|---|
| 005 | 20250923144221.0 | ||
| 008 | 008 250917s9999 xx 000 0 eng d | ||
| 037 | _aTextual | ||
| 040 |
_aDSWL _beng _cDSWL |
||
| 041 |
_aeng _2eng |
||
| 084 | _qDSWL | ||
| 100 |
_aBarllett, F.C _9822474 |
||
| 245 | 4 |
_aThe study of society _cby F.C Barllett |
|
| 260 |
_aLondon _c1946 |
||
| 300 | _a498 p. | ||
| 700 |
_aM Ginsberg _9822475 |
||
| 942 | _cTEXL | ||
| 999 |
_c1436179 _d1436179 |
||